| 000 | 00466nam a2200169Ia 4500 | ||
|---|---|---|---|
| 005 | 20250508152125.0 | ||
| 008 | 008 250505s9999 xx 000 0 eng d | ||
| 037 | _aTextual | ||
| 040 |
_aFEDL _beng _cFEDL |
||
| 041 |
_aeng _2eng |
||
| 084 |
_a370.193, CUN _qFEDL |
||
| 100 |
_aCunningham Ruth _9760798 |
||
| 245 | 0 | _aUnderstanding group behavior of boys and girls | |
| 300 | _a446p. | ||
| 942 |
_cTEXL _h370.193, CUN |
||
| 999 |
_c1334412 _d1334412 |
||